Singapore SME 500 : Singapore's top small & medium enterprise ranked by financial performance2008.

Bibliographic Details
Format: Book
Published: Singapore: Dp Information Group, 2008.
Edition:10th ed.
Subjects:
LEADER 00721cam a2200181 7i4500
001 0000021394
005 20080702090000.0
022 0 0 |a 0219-0486 
090 0 0 |a SING 338.6420255957   |b SIN 
245 0 0 |a Singapore SME 500 :   |b Singapore's top small & medium enterprise ranked by financial performance2008. 
250 0 0 |a 10th ed. 
260 0 0 |a Singapore:   |b Dp Information Group,   |c 2008. 
300 # # |a 240 p. 
650 0 0 |a Small business --   |x Finance --   |x Directories --   |z Singapore  
650 0 0 |a Businees enterprises --   |x Finance --   |x Directories --   |z Singapore  
650 0 0 |a Business enterprises --   |x Rankings --   |x Directories --   |z Singapore  
651 0 0 |a Singapore  
999 |a B000022379  |b Directories  |c Countries  |e Business Information Centre